<?xml version="1.0" encoding="UTF-8"?>
<record
    xmlns:xsi="http://www.w3.org/2001/XMLSchema-instance"
    xsi:schemaLocation="http://www.loc.gov/MARC21/slim http://www.loc.gov/standards/marcxml/schema/MARC21slim.xsd"
    xmlns="http://www.loc.gov/MARC21/slim">

  <leader>00599nam a22002057a 4500</leader>
  <controlfield tag="003">OSt</controlfield>
  <controlfield tag="005">20240709100649.0</controlfield>
  <controlfield tag="008">240709b        |||||||| |||| 00| 0 eng d</controlfield>
  <datafield tag="020" ind1=" " ind2=" ">
    <subfield code="a">1405131756</subfield>
  </datafield>
  <datafield tag="040" ind1=" " ind2=" ">
    <subfield code="c">Chuka University Library</subfield>
  </datafield>
  <datafield tag="050" ind1=" " ind2=" ">
    <subfield code="a">SF 780.3</subfield>
    <subfield code="b">C37 2004</subfield>
  </datafield>
  <datafield tag="100" ind1=" " ind2=" ">
    <subfield code="a">Carter, G. R and Darla J. Wise</subfield>
    <subfield code="9">16520</subfield>
  </datafield>
  <datafield tag="245" ind1=" " ind2=" ">
    <subfield code="a">Essentials of veterinary bacteriology and mycology</subfield>
  </datafield>
  <datafield tag="250" ind1=" " ind2=" ">
    <subfield code="a">6th ed</subfield>
  </datafield>
  <datafield tag="260" ind1=" " ind2=" ">
    <subfield code="a">Ames</subfield>
    <subfield code="b">Lowa State Press</subfield>
    <subfield code="c">2004</subfield>
  </datafield>
  <datafield tag="300" ind1=" " ind2=" ">
    <subfield code="a">290p</subfield>
    <subfield code="b">Illustrated</subfield>
  </datafield>
  <datafield tag="650" ind1=" " ind2=" ">
    <subfield code="a"> Veterinary bacteriology </subfield>
    <subfield code="9">16504</subfield>
  </datafield>
  <datafield tag="650" ind1=" " ind2=" ">
    <subfield code="a"> Veterinary mycology</subfield>
    <subfield code="9">16521</subfield>
  </datafield>
  <datafield tag="942" ind1=" " ind2=" ">
    <subfield code="2">lcc</subfield>
    <subfield code="c">BK</subfield>
    <subfield code="n">0</subfield>
  </datafield>
  <datafield tag="952" ind1=" " ind2=" ">
    <subfield code="0">0</subfield>
    <subfield code="1">0</subfield>
    <subfield code="2">lcc</subfield>
    <subfield code="4">0</subfield>
    <subfield code="7">0</subfield>
    <subfield code="8">LGL</subfield>
    <subfield code="a">CHK</subfield>
    <subfield code="b">CHK</subfield>
    <subfield code="c">GEN</subfield>
    <subfield code="d">2024-07-09</subfield>
    <subfield code="l">0</subfield>
    <subfield code="o">SF 780.3 .C37 2004</subfield>
    <subfield code="p">4676/2009</subfield>
    <subfield code="r">2024-07-09 00:00:00</subfield>
    <subfield code="t">2</subfield>
    <subfield code="w">2024-07-09</subfield>
    <subfield code="y">BK</subfield>
  </datafield>
  <datafield tag="952" ind1=" " ind2=" ">
    <subfield code="0">0</subfield>
    <subfield code="1">0</subfield>
    <subfield code="2">lcc</subfield>
    <subfield code="4">0</subfield>
    <subfield code="7">0</subfield>
    <subfield code="8">LGL</subfield>
    <subfield code="a">CHK</subfield>
    <subfield code="b">CHK</subfield>
    <subfield code="c">GEN</subfield>
    <subfield code="d">2024-07-09</subfield>
    <subfield code="l">0</subfield>
    <subfield code="o">SF 780.3 .C37 2004</subfield>
    <subfield code="p">11751/2015</subfield>
    <subfield code="r">2024-07-09 00:00:00</subfield>
    <subfield code="t">4</subfield>
    <subfield code="w">2024-07-09</subfield>
    <subfield code="y">BK</subfield>
  </datafield>
  <datafield tag="952" ind1=" " ind2=" ">
    <subfield code="0">0</subfield>
    <subfield code="1">0</subfield>
    <subfield code="2">lcc</subfield>
    <subfield code="4">0</subfield>
    <subfield code="7">0</subfield>
    <subfield code="8">LGL</subfield>
    <subfield code="a">CHK</subfield>
    <subfield code="b">CHK</subfield>
    <subfield code="c">GEN</subfield>
    <subfield code="d">2024-07-09</subfield>
    <subfield code="l">0</subfield>
    <subfield code="o">SF 780.3 .C37 2004</subfield>
    <subfield code="p">11749/2015</subfield>
    <subfield code="r">2024-07-09 00:00:00</subfield>
    <subfield code="t">5</subfield>
    <subfield code="w">2024-07-09</subfield>
    <subfield code="y">BK</subfield>
  </datafield>
  <datafield tag="999" ind1=" " ind2=" ">
    <subfield code="c">17678</subfield>
    <subfield code="d">17678</subfield>
  </datafield>
</record>
